| 000 | 00709nam a2200229 a 4500 | ||
|---|---|---|---|
| 001 | 000048436 | ||
| 005 | 20201002061143.0 | ||
| 008 | 190314s2018 dr 000 0 spa d | ||
| 020 | _a9789945503425 | ||
| 040 |
_aDO-SdBNP _bspa _cBNPHU |
||
| 082 |
_axxx _bxxx |
||
| 100 | 1 |
_aVallejo, Osiris _975851 |
|
| 245 | 1 | 0 |
_aBorges: Psicología de los malvados y otros ensayos / _cOsiris Vallejo. |
| 260 |
_aSanto Domingo, : _bNacional, _c2018. |
||
| 300 |
_a128 p. : ; _c22 cm. |
||
| 490 | 1 | _aEnsayo ; | |
| 500 | _aIncluye datos biografícos del autor. | ||
| 504 | _aBibliografía p: 115-120 | ||
| 586 | _aPremio Letras de Ultramar de ensayo, 2017 | ||
| 590 | _aInventariado, 2019/ YL | ||
| 830 | 0 |
_aEnsayo _93177 |
|
| 999 |
_c47924 _d47924 |
||